| 000 | 03135cam a22004698i 4500 | ||
|---|---|---|---|
| 003 | CUTN | ||
| 005 | 20250408155500.0 | ||
| 008 | 170810s2017 nyu b 001 0 eng | ||
| 020 | _a9781138680739 (hardback) | ||
| 020 | _a9781138680746 (pbk.) | ||
| 020 | _z9781315564081 (ebook) | ||
| 041 | _aEnglish | ||
| 042 | _apcc | ||
| 082 | 0 | 0 |
_a382.09 _223 _bPOM |
| 100 | 1 | _aPomeranz, Kenneth, | |
| 100 | 1 | _eauthor. | |
| 245 | 1 | 4 |
_aThe world that trade created : _bsociety, culture and the world economy, 1400 to the present / _cKenneth Pomeranz and Steven Topik. |
| 250 | _aFourth Edition. | ||
| 260 |
_bRoutledge, _c2018. |
||
| 263 | _a1710 | ||
| 300 | _apages cm | ||
| 500 | _aRevised edition of the authors' The world that trade created, 2013. | ||
| 504 | _aIncludes bibliographical references and index. | ||
| 505 | 0 | _aAcknowledgments -- Introduction -- The making of market conventions -- Transport and tactics -- The economic culture of drugs -- Transplanting -- The economics of violence -- Making modern markets -- World trade, industrialization, and deindustrialization -- Manufacturing since World War II -- Epilogue: the world economy in the twenty-first century -- Selected bibliography -- Index. | |
| 520 | _aThe World That Trade Created Society, Culture, and the World Economy, 1400 to the Present The World That Trade Created brings to life the history of trade and its actors. In a series of brief, highly readable vignettes, filled with insights and amazing facts about things we tend to take for granted, the authors uncover the deep historical roots of economic globalization. Covering over seven hundred years of history, this book, now in its fourth edition, takes the reader around the world from the history of the opium trade to pirates, to the building of corporations and migration to the New World. The chapters are grouped thematically, each featuring an introductory essay designed to synthesize and elaborate on key themes, both familiar and unfamiliar. It includes ten new essays, on topics ranging from the early modern ivory and slave trades across the Indian Ocean, to the ways in which the availability of new consumer goods helped change work habits in both Europe and East Asia, and from the history of chewing gum to that of rare earth metals. The introductory essays for each chapter, the overall introduction and epilogue, and several of the essays have also been revised and updated. The World That Trade Created continues to be a key resource for anyone teaching world history, world civilization, and the history of international trade. | ||
| 650 | 0 | _aCommerce | |
| 650 | 0 | _aCommerce | |
| 650 | 0 | _aCulture | |
| 650 | 0 | _aIndustrialization | |
| 650 | 0 | _aInternational economic relations | |
| 650 | 0 | _aEconomic history. | |
| 650 | 0 | _xHistory. | |
| 650 | 0 |
_xSocial aspects _xHistory. |
|
| 650 | 0 | _xHistory. | |
| 650 | 0 |
_xSocial aspects _xHistory. |
|
| 650 | 0 | _xHistory. | |
| 700 | 1 | _aTopik, Steven, | |
| 700 | 1 | _eauthor. | |
| 906 |
_a7 _bcbc _corignew _d1 _eecip _f20 _gy-gencatlg |
||
| 942 |
_2ddc _cBOOKS |
||
| 999 |
_c44168 _d44168 |
||